[Event "Collado Villalba op 30th"]
[Site "Collado Villalba"]
[Date "2013.08.26"]
[Round "4"]
[White "Perez Ortego, Alberto"]
[Black "Rincon Carrillo, Ricardo"]
[Result "0-1"]
[WhiteElo "1564"]
[BlackElo "1956"]
[PlyCount "102"]
[EventDate "2013.08.23"]
[EventType "swiss"]
[EventRounds "9"]
[EventCountry "ESP"]
[SourceTitle "CBM 156 Extra"]
[Source "ChessBase"]
[SourceDate "2013.10.22"]
[SourceVersion "1"]
[SourceVersionDate "2013.10.22"]
[SourceQuality "1"]

1. e4 Nc6 2. d4 e5 3. Nf3 exd4 4. Nxd4 Bc5 5. Nxc6 Qf6 6. Qf3 Qxc6 7. Nc3 Ne7 8. Bd3 0-0 9. 0-0 a6 10. a3 d6 11. Nd5 Qd7 12. Re1 Ng6 13. Qg3 c6 14. Nf4 Bd4 15. c3 Be5 16. Qf3 Qe7 17. g3 Qf6 18. Be2 Bd7 19. Bd1 Rae8 20. Nd3 Qe6 21. Bf4 Nxf4 22. Nxf4 Qc4 23. Ng2 f5 24. Ne3 Qxe4 25. Qxe4 fxe4 26. Bg4 Bxg4 27. Nxg4 d5 28. Rad1 b5 29. f4 Bf6 30. Re2 a5 31. Ne3 h5 32. Kg2 Rd8 33. g4 hxg4 34. Nxg4 a4 35. Ne3 Kf7 36. Ng4 Rh8 37. Rf1 Ke6 38. Ne3 Rh5 39. f5+ Kd6 40. h3 Rdh8 41. Rh1 Rg5+ 42. Kf1 Rh4 43. Rf2 Rg3 44. Ng4 Rgxg4 45. hxg4 Rxh1+ 46. Kg2 Rd1 47. Re2 Ke5 48. Kg3 c5 49. Kg2 d4 50. cxd4+ cxd4 51. Rc2 Kf4 0-1

[Event "Collado Villalba op-A 27th"]
[Site "Collado Villalba"]
[Date "2010.08.25"]
[Round "6"]
[White "Fernandez Gil, Ruben Carlos"]
[Black "Perez Ortego, Alberto"]
[Result "1/2-1/2"]
[WhiteElo "1721"]
[BlackElo "1589"]
[PlyCount "68"]
[EventDate "2010.08.20"]
[EventType "swiss"]
[EventRounds "10"]
[EventCountry "ESP"]
[SourceTitle "CBM 138 Extra"]
[Source "ChessBase"]
[SourceDate "2010.10.29"]
[SourceVersion "1"]
[SourceVersionDate "2010.10.29"]
[SourceQuality "1"]

1. e4 e5 2. Nf3 Nf6 3. Nxe5 d6 4. Nf3 Nxe4 5. d3 Nf6 6. Nc3 c6 7. Be2 Be7 8. 0-0 0-0 9. d4 Qc7 10. Qd3 b6 11. Re1 h6 12. b3 Be6 13. Bb2 Nbd7 14. Ne4 d5 15. Ng3 Bd6 16. c4 Rfe8 17. a3 a5 18. Nf5 Bxf5 19. Qxf5 Re7 20. Bd3 Rae8 21. Rxe7 Rxe7 22. cxd5 cxd5 23. Rc1 Qb7 24. g3 Ne4 25. Bb5 g6 26. Qh3 Kg7 27. Bc6 Qa6 28. Qf1 Qxf1+ 29. Kxf1 Ndf6 30. h3 g5 31. g4 Bf4 32. Rc2 Re6 33. Bb5 h5 34. gxh5 Nxh5 1/2-1/2

[Event "Collado Villalba op-A 27th"]
[Site "Collado Villalba"]
[Date "2010.08.20"]
[Round "1"]
[White "Lobato Lavin, Alvaro"]
[Black "Perez Ortego, Alberto"]
[Result "1-0"]
[WhiteElo "2044"]
[BlackElo "1589"]
[PlyCount "71"]
[EventDate "2010.08.20"]
[EventType "swiss"]
[EventRounds "10"]
[EventCountry "ESP"]
[SourceTitle "CBM 138 Extra"]
[Source "ChessBase"]
[SourceDate "2010.10.29"]
[SourceVersion "1"]
[SourceVersionDate "2010.10.29"]
[SourceQuality "1"]

1. e4 e5 2. Nf3 Nc6 3. Bb5 d6 4. d4 Bd7 5. 0-0 exd4 6. Nxd4 Nxd4 7. Bxd7+ Qxd7 8. Qxd4 Ne7 9. Nc3 Nc6 10. Qd3 0-0-0 11. Be3 Kb8 12. f4 a6 13. a3 g6 14. b4 Bg7 15. Rad1 Bxc3 16. Qxc3 Qe6 17. Rfe1 Rhe8 18. a4 Qe7 19. b5 axb5 20. axb5 Na7 21. Bxa7+ Kxa7 22. Qa5+ Kb8 23. Ra1 Kc8 24. Qa8+ Kd7 25. Qxb7 Qf6 26. Qc6+ Ke7 27. e5 Qxf4 28. exd6+ Kf8 29. dxc7 Rxe1+ 30. Rxe1 Qd4+ 31. Kh1 Qd2 32. cxd8Q+ Qxd8 33. b6 Qd2 34. Qe8+ Kg7 35. Qe5+ Kg8 36. b7 1-0

[Event "Collado Villalba op-A 26th"]
[Site "Collado Villalba"]
[Date "2009.08.23"]
[Round "3"]
[White "Velasco Garcia, Jorge Juan"]
[Black "Perez Ortego, Alberto"]
[Result "1-0"]
[WhiteElo "1913"]
[BlackElo "1596"]
[PlyCount "83"]
[EventDate "2009.08.21"]
[EventType "swiss"]
[EventRounds "9"]
[EventCountry "ESP"]
[SourceTitle "CBM 132 Extra"]
[Source "ChessBase"]
[SourceDate "2009.11.03"]
[SourceVersion "1"]
[SourceVersionDate "2009.11.03"]
[SourceQuality "1"]

1. d4 Nf6 2. c4 e6 3. g3 g6 4. Bg2 Bg7 5. Nf3 0-0 6. Nc3 c6 7. 0-0 d5 8. Ne5 Nfd7 9. Nxd7 Nxd7 10. cxd5 exd5 11. Be3 Nb6 12. Qc1 Re8 13. Bg5 f6 14. Bh6 Bf5 15. Bxg7 Kxg7 16. b4 Nc4 17. b5 g5 18. Re1 Nd6 19. bxc6 bxc6 20. Na4 Qc7 21. Bxd5 Be4 22. Bxe4 Rxe4 23. Nc5 Re7 24. Rb1 Rb8 25. Rxb8 Qxb8 26. e4 h6 27. e5 fxe5 28. dxe5 Nb5 29. Qb2 Kg6 30. a4 Qd8 31. axb5 cxb5 32. Qc2+ Kg7 33. e6 Qd5 34. Qc3+ Kg6 35. Qe5 a5 36. Nd7 Qf3 37. Qc5 Rxe6 38. Rxe6+ Kh5 39. Nf6+ Kg6 40. Ng4+ Kh5 41. Rxh6+ Kxg4 42. h3# 1-0

[Event "Collado Villalba op 24th"]
[Site "Collado Villalba"]
[Date "2007.08.28"]
[Round "6"]
[White "Perez Ortego, Alberto"]
[Black "Marcos Herrero, Francisco"]
[Result "1-0"]
[WhiteElo "1615"]
[BlackElo "1940"]
[PlyCount "29"]
[EventDate "2007.08.23"]
[EventType "swiss"]
[EventRounds "9"]
[EventCountry "ESP"]
[SourceTitle "EXT 2008"]
[Source "ChessBase"]
[SourceDate "2007.11.25"]
[SourceVersion "1"]
[SourceVersionDate "2007.11.25"]
[SourceQuality "1"]

1. e4 d6 2. Nf3 Nf6 3. Nc3 c5 4. Bc4 Nc6 5. h3 g6 6. d3 Bg7 7. Bd2 a6 8. a3 b5 9. Ba2 0-0 10. Qc1 Re8 11. 0-0 Bb7 12. Nd5 e6 13. Nxf6+ Qxf6 14. c3 a5 15. Bg5 1-0